000 00526cam a22002052a 4500
001 020668
003 AR-FADEU
008 311216n2007####xxu####################dd
020 _a978-950-767-031-2
092 _aA862.44
_bV297
100 _aVarga, Dinko
245 _aLa sentencia
260 _aViedma
260 _bFondo Editorial Rionegrino
260 _c2007
300 _a66 p
440 _aTeatro, Luces y sombras
650 _aTEATRO-ARGENTINA-SIGLO XX; CUENTO; LITERATURA RIONEGRINA-CUENTOS
942 _cBDGR
999 _c26388
_d26388